The vield condition for monocrystals of monoclinic type of anisotropy, classes: 2, m, 2/m, the rotary aris of the second order is parallel to the aris X3

Podrobná bibliografia
Hlavný autor: Mamrillová, Anna (Autor)
Médium: Článok
Jazyk:angličtina
Predmet:

MARC

LEADER 00000nab a2200000 a 4500
001 vtls000098927
003 SK-MaSNL
005 20260318132859.0
008 111031c1980 xo 0 eng
015 |a SNBRA19rr/mm-uuuuu 
035 |a CL0109030 
040 |a SNKBUCL  |b slo  |c SNKBUCL  |e AACR2 
041 0 |a eng 
044 |a xo  |c SK 
080 |a 548  |2 1981 
100 1 |a Mamrillová, Anna  |4 aut  |9 276806 
245 1 4 |a The vield condition for monocrystals of monoclinic type of anisotropy, classes: 2, m, 2/m, the rotary aris of the second order is parallel to the aris X3  |c A. Mamrillová 
500 |a Res. slov., rus. 
650 0 7 |a monokryštály  |2 snkbucl  |9 22235 
655 7 |a články zo zborníkov  |2 snkbucl  |9 166140 
773 0 |t Acta Facultatis rerum naturalium Universitatis Comenianae. Physica 21  |d Bratislava : SPN, 1980 
850 |a Slovenská národná knižnica v Martine  |a MTA001 
852 |a SNK  |b KIS3GCP 
958 |a RK 
992 |a RZB 
999 |c 2161213  |d 2163143